[Event "V Floripa Chess Open 2019"]
[Site "Florianopolis/SC"]
[Date "2019.01.24"]
[Round "6.23"]
[White "Muniz, Rafael"]
[Black "Moreira, Ronaldo Alonso"]
[Result "1-0"]
[WhiteElo "2236"]
[BlackElo "2043"]
[PlyCount "59"]
[EventDate "2019.01.21"]
[EventRounds "10"]
[EventCountry "BRA"]

1. e4 e6 2. d4 d5 3. Nd2 Nc6 4. Ngf3 Nf6 5. e5 Nd7 6. c3 f6 7. exf6 Qxf6 8. Be2 Bd6 9. Nf1 O-O 10. Ne3 Qg6 11. O-O Nf6 12. h3 Bd7 13. c4 Kh8 14. Kh1 Rae8 15. b3 Ne4 16. Bb2 Ne7 17. Ng4 Bc8 18. Qe1 c6 19. Nfe5 Bxe5 20. Nxe5 Qf6 21. f3 Nd6 22. Bd3 Ndf5 23. g4 Nh4 24. f4 h6 25. Ba3 Kg8 26. Qg3 g5 27. fxg5 Qxg5 28. Rae1 Rxf1+ 29. Rxf1 Nhf5 30. Qf2 1-0

[Event "V Floripa Chess Open 2019"]
[Site "Florianopolis/SC"]
[Date "2019.01.24"]
[Round "6.24"]
[White "Tomiello, Lucas Costamilan"]
[Black "Teixeira, Ricardo Da Silva"]
[Result "0-1"]
[WhiteElo "1990"]
[BlackElo "2228"]
[PlyCount "110"]
[EventDate "2019.01.21"]
[EventRounds "10"]
[EventCountry "BRA"]

1. e4 e6 2. d4 d5 3. Nd2 dxe4 4. Nxe4 Nd7 5. Nf3 Ngf6 6. Bg5 Be7 7. Nxf6+ Bxf6 8. Qd2 O-O 9. Bd3 e5 10. Bxf6 Qxf6 11. O-O exd4 12. Nxd4 Ne5 13. Rfe1 Nxd3 14. Qxd3 c5 15. Nb3 b6 16. c3 Bb7 17. Qg3 Qc6 18. Nd2 Rae8 19. Nc4 Rxe1+ 20. Rxe1 Bc8 21. Qd6 Qxd6 22. Nxd6 Be6 23. a3 Rd8 24. Rd1 Kf8 25. Rd2 Ke7 26. Ne4 Rxd2 27. Nxd2 Kd6 28. f4 Bd5 29. Kf2 Ke6 30. g4 h6 31. h4 g6 32. Ke3 h5 33. f5+ Ke5 34. c4 Bc6 35. fxg6 fxg6 36. gxh5 gxh5 37. Nf1 Kf5 38. Nh2 Bb7 39. b3 Ba8 40. b4 cxb4 41. axb4 a5 42. bxa5 bxa5 43. Kd4 Kf4 44. Nf1 a4 45. Ne3 a3 46. Nc2 a2 47. Kc3 Be4 48. Na1 Kg4 49. Kb2 Kxh4 50. Nb3 Kg4 51. Nc5 Kf5 52. Nb3 h4 53. Nd4+ Ke5 54. Ne2 h3 55. Kxa2 h2 0-1

[Event "V Floripa Chess Open 2019"]
[Site "Florianopolis/SC"]
[Date "2019.01.24"]
[Round "6.25"]
[White "Librelato, Kathie Goulart"]
[Black "Japiassu, Ricardo De Villa No"]
[Result "0-1"]
[WhiteElo "2187"]
[BlackElo "1956"]
[PlyCount "76"]
[EventDate "2019.01.21"]
[EventRounds "10"]
[EventCountry "BRA"]

1. e4 c5 2. Nf3 d6 3. d4 cxd4 4. Nxd4 Nf6 5. Nc3 g6 6. Be3 Bg7 7. f3 O-O 8. Qd2 Nc6 9. O-O-O d5 10. Kb1 Nxd4 11. e5 Nf5 12. exf6 exf6 13. Nxd5 Nxe3 14. Qxe3 Be6 15. Bc4 f5 16. c3 Re8 17. Nf4 Qc7 18. Bxe6 fxe6 19. Nxe6 Qc6 20. Rhe1 Re7 21. c4 Rae8 22. Qb3 Rxe6 23. c5 Kf8 24. Rxe6 Rxe6 25. Qc4 Bf6 26. a3 Kg7 27. h4 Qe8 28. Rd2 Re1+ 29. Kc2 Qe5 30. Qb5 Kh6 31. Kb3 Qe3+ 32. Kc2 Bxh4 33. g4 Qxf3 34. g5+ Kxg5 35. Qd7 Qe4+ 36. Rd3 Qc4+ 37. Rc3 Qe2+ 38. Kb3 Qe6+ 0-1

[Event "V Floripa Chess Open 2019"]
[Site "Florianopolis/SC"]
[Date "2019.01.24"]
[Round "6.26"]
[White "Volkmann, Andre Jordi"]
[Black "Barbosa, Fernando"]
[Result "1/2-1/2"]
[WhiteElo "1955"]
[BlackElo "2182"]
[PlyCount "113"]
[EventDate "2019.01.21"]
[EventRounds "10"]
[EventCountry "BRA"]

1. d4 Nf6 2. c4 d6 3. Nc3 g6 4. e4 Bg7 5. f3 a6 6. Be3 c6 7. Qd2 O-O 8. Nge2 Nbd7 9. g4 b5 10. Ng3 b4 11. Nce2 c5 12. h4 e5 13. d5 Nb6 14. Ng1 Ne8 15. h5 f6 16. a3 a5 17. b3 bxa3 18. Rxa3 Nd7 19. Qa2 Qb6 20. Bd2 Rf7 21. Bxa5 Qb8 22. hxg6 hxg6 23. Bc3 Rxa3 24. Qxa3 Nf8 25. Rh2 Ra7 26. Qb2 Rb7 27. Qa2 Rxb3 28. Rb2 Rxb2 29. Qxb2 Qxb2 30. Bxb2 Ba6 31. Bc3 Nc7 32. Ba5 Na8 33. Bd3 Nd7 34. Kd2 Bh6+ 35. Kc3 Be3 36. N1e2 Kg7 37. Nf1 Bf4 38. Bc2 Nab6 39. Bb3 Kh6 40. Kd3 Kg5 41. Nc3 Kh4 42. Na4 Bxc4+ 43. Bxc4 Nxa4 44. Bb5 Nab6 45. Bxd7 Nxd7 46. Bc7 Kh3 47. Bxd6 Kg2 48. Ke2 c4 49. Bb4 Bg5 50. Ne3+ Bxe3 51. Kxe3 g5 52. d6 Kf1 53. Bc3 Nb6 54. Ba5 Nd7 55. Bc3 Nb6 56. Ba5 Nd7 57. Bc3 1/2-1/2

[Event "V Floripa Chess Open 2019"]
[Site "Florianopolis/SC"]
[Date "2019.01.24"]
[Round "6.27"]
[White "Woichinevski, Joao Vinicius Peru"]
[Black "Viana, Dirceu"]
[Result "1/2-1/2"]
[WhiteElo "1528"]
[BlackElo "2173"]
[PlyCount "83"]
[EventDate "2019.01.21"]
[EventRounds "10"]
[EventCountry "BRA"]

1. e4 e6 2. d4 d5 3. Nc3 Nf6 4. e5 Nfd7 5. Nce2 c5 6. c3 b6 7. Nf3 Ba6 8. g3 Nc6 9. Bg2 cxd4 10. cxd4 Bb4+ 11. Bd2 Qe7 12. O-O Bxd2 13. Qxd2 Qb4 14. Rfd1 Rc8 15. Rac1 O-O 16. Rc3 Rc7 17. a3 Qe7 18. Rdc1 Rfc8 19. Nf4 Ndb8 20. Bf1 Bxf1 21. Kxf1 Na5 22. R1c2 h6 23. Qc1 Rxc3 24. Rxc3 Rxc3 25. Qxc3 Qd7 26. Nd2 Qc6 27. Nd3 Qxc3 28. bxc3 Kf8 29. Ke2 Ke7 30. f4 h5 31. f5 Nd7 32. Nf4 h4 33. g4 b5 34. fxe6 fxe6 35. Ng6+ Kf7 36. Nxh4 Nb6 37. Ndf3 Nac4 38. Ng5+ Ke7 39. Ng6+ Ke8 40. Nxe6 Nxa3 41. Nc5 Nac4 42. h4 1/2-1/2

[Event "V Floripa Chess Open 2019"]
[Site "Florianopolis/SC"]
[Date "2019.01.24"]
[Round "6.28"]
[White "Cruz, William Ferreira Da"]
[Black "Hopka, Matheus Marchesi"]
[Result "1-0"]
[WhiteElo "2232"]
[BlackElo "1933"]
[PlyCount "45"]
[EventDate "2019.01.21"]
[EventRounds "10"]
[EventCountry "BRA"]

1. d4 Nf6 2. c4 g6 3. Nc3 Bg7 4. e4 d6 5. Nf3 O-O 6. h3 e5 7. d5 Na6 8. Bg5 h6 9. Be3 Nc5 10. Nd2 a5 11. g4 Ne8 12. Rg1 Kh7 13. Qc2 b6 14. O-O-O Bd7 15. Be2 a4 16. h4 a3 17. b3 Na6 18. Nf1 Nb4 19. Qd2 f5 20. gxf5 gxf5 21. exf5 Bxf5 22. Ng3 Bg6 23. Nce4 1-0

[Event "V Floripa Chess Open 2019"]
[Site "Florianopolis/SC"]
[Date "2019.01.24"]
[Round "6.29"]
[White "Souza, Iago Henrique Da Si"]
[Black "De Borba, Guilherme"]
[Result "1/2-1/2"]
[WhiteElo "2060"]
[BlackElo "2293"]
[PlyCount "46"]
[EventDate "2019.01.21"]
[EventRounds "10"]
[EventCountry "BRA"]

1. d4 Nf6 2. Nf3 g6 3. c3 Bg7 4. Qc2 d5 5. Bf4 O-O 6. e3 c5 7. Be2 Nc6 8. h3 Nd7 9. Nbd2 e5 10. dxe5 Ncxe5 11. Nxe5 Nxe5 12. Nf3 Bf5 13. Qd2 Nc4 14. Bxc4 dxc4 15. Bd6 Re8 16. Bxc5 Bd3 17. Bd4 b5 18. Bxg7 Kxg7 19. Nd4 Qg5 20. h4 Qxg2 21. O-O-O h5 22. f3 Qg3 23. Rdg1 Qd6 1/2-1/2

[Event "V Floripa Chess Open 2019"]
[Site "Florianopolis/SC"]
[Date "2019.01.24"]
[Round "6.30"]
[White "Ermel, Francisco Roberto"]
[Black "Jodorcovsky Werjivker, Paulo"]
[Result "0-1"]
[WhiteElo "2054"]
[BlackElo "2259"]
[PlyCount "52"]
[EventDate "2019.01.21"]
[EventRounds "10"]
[EventCountry "BRA"]

1. c4 e6 2. g3 d5 3. Bg2 Nf6 4. cxd5 exd5 5. Nf3 c6 6. O-O Be7 7. d4 Bf5 8. Nc3 h6 9. h3 Nbd7 10. Bf4 O-O 11. Rc1 Re8 12. Ne5 Bf8 13. Qd2 a5 14. Nxd7 Nxd7 15. g4 Bg6 16. Rfe1 Nb6 17. b3 Bb4 18. Qb2 Qe7 19. Rcd1 a4 20. e3 axb3 21. axb3 h5 22. Bf3 Be4 23. Be2 hxg4 24. hxg4 Bxc3 25. Qxc3 Ra2 26. Ra1 Qh4 0-1

[Event "V Floripa Chess Open 2019"]
[Site "Florianopolis/SC"]
[Date "2019.01.24"]
[Round "6.31"]
[White "De Vjunior, Liduino Furtado"]
[Black "Gauche, Charles"]
[Result "1-0"]
[WhiteElo "2052"]
[BlackElo "2241"]
[PlyCount "39"]
[EventDate "2019.01.21"]
[EventRounds "10"]
[EventCountry "BRA"]

1. e4 c5 2. Nf3 a6 3. d4 cxd4 4. Nxd4 e5 5. Ne2 Nf6 6. Nbc3 Bc5 7. Ng3 d6 8. Be2 h5 9. Bxh5 Rxh5 10. Nxh5 Ng4 11. Nxg7+ Kf8 12. Nf5 Bxf5 13. exf5 Nxf2 14. Qh5 Qa5 15. Bd2 Ke8 16. Rf1 Nd7 17. Rxf2 Bxf2+ 18. Kxf2 Qb6+ 19. Ke2 d5 20. Qh8+ 1-0

[Event "V Floripa Chess Open 2019"]
[Site "Florianopolis/SC"]
[Date "2019.01.24"]
[Round "6.32"]
[White "Araujo, Adalberto Marcos"]
[Black "Pereira, Geanfrancesco"]
[Result "0-1"]
[WhiteElo "2213"]
[BlackElo "2028"]
[PlyCount "62"]
[EventDate "2019.01.21"]
[EventRounds "10"]
[EventCountry "BRA"]

1. d4 d5 2. c4 c6 3. Nc3 e6 4. e4 dxe4 5. Nxe4 Bb4+ 6. Bd2 Qxd4 7. Bxb4 Qxe4+ 8. Be2 Na6 9. Bc3 Nf6 10. Qd6 Bd7 11. O-O-O O-O-O 12. Qg3 Qg6 13. Qe3 c5 14. Bf3 Ba4 15. Rxd8+ Rxd8 16. b3 Rd3 17. Qe1 Bc6 18. Bxc6 bxc6 19. Ne2 Qe4 20. f3 Qe3+ 21. Bd2 Qe5 22. Bc3 Qg5+ 23. Kc2 Rd7 24. Ng3 Nh5 25. Kb2 Nf4 26. Qe4 Nb4 27. Qxh7 Nxg2 28. a3 Nd3+ 29. Kb1 Nge1 30. Qe4 Qc1+ 31. Ka2 Qc2+ 0-1

[Event "V Floripa Chess Open 2019"]
[Site "Florianopolis/SC"]
[Date "2019.01.24"]
[Round "6.33"]
[White "Burgos, Marcelo Alves"]
[Black "De Borba, Gabriel"]
[Result "1-0"]
[WhiteElo "2198"]
[BlackElo "2030"]
[PlyCount "84"]
[EventDate "2019.01.21"]
[EventRounds "10"]
[EventCountry "BRA"]

1. Nf3 g6 2. c4 Bg7 3. g3 e5 4. Nc3 d6 5. Bg2 f5 6. d3 Nf6 7. O-O O-O 8. Rb1 Nbd7 9. b4 c6 10. b5 c5 11. a4 Rb8 12. Qc2 b6 13. e4 Bb7 14. Nd5 Bxd5 15. cxd5 h6 16. Nh4 Kh7 17. exf5 g5 18. Ng6 Rf7 19. Qe2 Ne8 20. Be4 Ndf6 21. h4 gxh4 22. Nxh4 Nc7 23. Qf3 Qg8 24. Ng2 Bf8 25. Ne3 Kh8 26. Kg2 Rh7 27. Rh1 h5 28. Bd2 Bh6 29. Rh2 Bxe3 30. Bxe3 Ncxd5 31. Bxd5 Qxd5 32. Qxd5 Nxd5 33. Rbh1 Nb4 34. Rxh5 Rxh5 35. Rxh5+ Kg8 36. Rh6 d5 37. Rd6 d4 38. Bh6 Nxd3 39. Rd7 e4 40. Re7 Rd8 41. f6 c4 42. f7+ Kh8 1-0

[Event "V Floripa Chess Open 2019"]
[Site "Florianopolis/SC"]
[Date "2019.01.24"]
[Round "6.34"]
[White "Campos, Igor Ribeiro"]
[Black "Tomiello, Mateus Costamilan"]
[Result "0-1"]
[WhiteElo "2174"]
[BlackElo "2004"]
[PlyCount "47"]
[EventDate "2019.01.21"]
[EventRounds "10"]
[EventCountry "BRA"]

1. e4 c5 2. Nf3 d6 3. Bb5+ Nd7 4. c3 a6 5. Ba4 Ngf6 6. Qe2 g6 7. O-O Bg7 8. d4 cxd4 9. cxd4 O-O 10. e5 Nd5 11. e6 N7b6 12. exf7+ Rxf7 13. Ng5 Nxa4 14. Nxf7 Kxf7 15. Qf3+ Nf6 16. Qb3+ Be6 17. Qxa4 b5 18. Qd1 Rc8 19. Re1 Qc7 20. Bd2 Qc4 21. Be3 b4 22. b3 Qb5 23. a4 Qb7 24. Bd2 0-1

[Event "V Floripa Chess Open 2019"]
[Site "Florianopolis/SC"]
[Date "2019.01.24"]
[Round "6.35"]
[White "Januario, Severino Pereira"]
[Black "Chang, Suzana"]
[Result "1/2-1/2"]
[WhiteElo "2173"]
[BlackElo "1990"]
[PlyCount "56"]
[EventDate "2019.01.21"]
[EventRounds "10"]
[EventCountry "BRA"]

1. d4 Nf6 2. Bg5 e6 3. Nf3 c5 4. c3 cxd4 5. cxd4 Qa5+ 6. Bd2 Qb6 7. Nc3 Nc6 8. e3 Be7 9. Na4 Qd8 10. Bd3 O-O 11. O-O b6 12. Rc1 Bb7 13. a3 d6 14. e4 d5 15. e5 Ne4 16. Be3 f5 17. exf6 Bxf6 18. Nc3 Ne7 19. Qb3 Kh8 20. Bxe4 dxe4 21. Ng5 Bxg5 22. Bxg5 Rf5 23. Bh4 Qd7 24. Rfe1 Nc6 25. Nxe4 Nxd4 26. Qe3 Raf8 27. Bg3 e5 28. Rcd1 Bd5 1/2-1/2

[Event "V Floripa Chess Open 2019"]
[Site "Florianopolis/SC"]
[Date "2019.01.24"]
[Round "6.36"]
[White "Mota, Romulo Rodrigues"]
[Black "Borges, Guilherme Deola"]
[Result "1/2-1/2"]
[WhiteElo "1993"]
[BlackElo "2171"]
[PlyCount "109"]
[EventDate "2019.01.21"]
[EventRounds "10"]
[EventCountry "BRA"]

1. d4 Nf6 2. Bf4 b5 3. e3 Bb7 4. Nf3 a6 5. c4 b4 6. h3 e6 7. a3 c5 8. axb4 cxb4 9. c5 d6 10. Qa4+ Bc6 11. Qxb4 Nd5 12. Qa5 Nxf4 13. exf4 Qf6 14. Qc7 Be7 15. Rxa6 Rxa6 16. Bxa6 O-O 17. Be2 dxc5 18. O-O cxd4 19. Ne5 Bd5 20. g3 Bb4 21. Qb6 Qe7 22. Qxd4 Rd8 23. Rd1 f6 24. Ng4 Nc6 25. Qb6 Bc5 26. Qa6 Nd4 27. Nc3 Bb7 28. Qc4 Nxe2+ 29. Qxe2 Rxd1+ 30. Nxd1 Qd7 31. Nge3 Qc6 32. f3 Qxf3 33. Qxf3 Bxf3 34. Kf1 h5 35. Ke1 Kf7 36. Kd2 Bb6 37. b4 Bc7 38. Nc3 h4 39. Nb5 Bb8 40. Nd4 Bb7 41. gxh4 Bxf4 42. Ne2 Bh6 43. b5 Ke7 44. Kd3 f5 45. Nd4 g6 46. Nc4 Bf4 47. Na5 Bg2 48. b6 Kd7 49. Ndb3 Bd6 50. Nc4 Bxh3 51. Nxd6 Kxd6 52. b7 Kc7 53. Nc5 e5 54. b8=Q+ Kxb8 55. Nd7+ 1/2-1/2

[Event "V Floripa Chess Open 2019"]
[Site "Florianopolis/SC"]
[Date "2019.01.24"]
[Round "6.37"]
[White "Zampronha, Wladimir Camilo"]
[Black "Brito, Vicente De Paulo Al"]
[Result "1-0"]
[WhiteElo "2171"]
[BlackElo "1985"]
[PlyCount "107"]
[EventDate "2019.01.21"]
[EventRounds "10"]
[EventCountry "BRA"]

1. e4 d6 2. d4 Nf6 3. Nc3 g6 4. Bg5 Bg7 5. f4 O-O 6. Qd2 c6 7. Bd3 b5 8. Nf3 Bg4 9. O-O Qb6 10. Ne2 d5 11. Bxf6 Bxf6 12. e5 Bg7 13. Kh1 e6 14. h3 Bxf3 15. Rxf3 Nd7 16. g4 f6 17. exf6 Nxf6 18. Re3 Rae8 19. b4 Qc7 20. Rf1 g5 21. f5 exf5 22. Rxf5 Ne4 23. Bxe4 dxe4 24. Ng3 Rxf5 25. Nxf5 Qf4 26. Qe2 h5 27. Kg2 hxg4 28. Qxg4 Bxd4 29. Nh6+ Kf8 30. Re2 Qxg4+ 31. hxg4 Bc3 32. a3 e3 33. Nf5 Bb2 34. Kf3 Bxa3 35. c3 Bc1 36. Nd4 c5 37. bxc5 a5 38. Ra2 b4 39. Rxa5 bxc3 40. Ke2 Rb8 41. c6 Rc8 42. Rxg5 Bd2 43. Rc5 Ke7 44. Nb5 Rf8 45. c7 Rf2+ 46. Kd3 e2 47. c8=Q e1=Q 48. Rc7+ Kf6 49. Qd8+ Kg6 50. Rc6+ Kg7 51. Qd4+ Kf7 52. Rc7+ Ke8 53. Qd7+ Kf8 54. Qg7+ 1-0

[Event "V Floripa Chess Open 2019"]
[Site "Florianopolis/SC"]
[Date "2019.01.24"]
[Round "6.38"]
[White "Caetano, Ryan Wesley Da Cost"]
[Black "Madeira, Wagner Martins"]
[Result "0-1"]
[WhiteElo "2008"]
[BlackElo "2170"]
[PlyCount "56"]
[EventDate "2019.01.21"]
[EventRounds "10"]
[EventCountry "BRA"]

1. d4 Nf6 2. c4 g6 3. Nc3 Bg7 4. e4 d6 5. f3 O-O 6. Bg5 c5 7. d5 e6 8. Qd2 exd5 9. cxd5 h6 10. Be3 h5 11. Bg5 a6 12. a4 Qa5 13. Ra3 Re8 14. Nge2 Nbd7 15. Ng3 Nh7 16. Bh6 h4 17. Bxg7 Kxg7 18. Nge2 Ne5 19. Nc1 h3 20. f4 hxg2 21. Qxg2 Ng4 22. h3 Ngf6 23. Kd1 Qb4 24. Bd3 Qd4 25. N3e2 Qxb2 26. Rb3 Qa1 27. Nc3 c4 28. Kc2 cxb3+ 0-1

[Event "V Floripa Chess Open 2019"]
[Site "Florianopolis/SC"]
[Date "2019.01.24"]
[Round "6.39"]
[White "Caldeira, Adriano"]
[Black "Reichert, Thiago Da Cruz"]
[Result "1-0"]
[WhiteElo "2157"]
[BlackElo "1976"]
[PlyCount "71"]
[EventDate "2019.01.21"]
[EventRounds "10"]
[EventCountry "BRA"]

1. e4 e6 2. d4 d5 3. Nc3 Nf6 4. e5 Nfd7 5. f4 c5 6. Nf3 Nc6 7. Be3 a6 8. Qd2 b5 9. a3 Bb7 10. Qf2 cxd4 11. Nxd4 Nxd4 12. Bxd4 Rc8 13. Bd3 Bc5 14. Ne2 Qa5+ 15. c3 Bxd4 16. Nxd4 Qc7 17. O-O Nc5 18. Qg3 g6 19. Bc2 Ne4 20. Bxe4 dxe4 21. Rad1 h5 22. Nc2 h4 23. Qf2 h3 24. Rd6 hxg2 25. Rfd1 Bd5 26. Ne3 Qc5 27. Rd4 Rh3 28. Nxd5 exd5 29. R6xd5 Qe7 30. Rxe4 Qh4 31. Qxh4 Rxh4 32. Kxg2 Ke7 33. Red4 Rch8 34. Rd7+ Ke6 35. Kf3 Rh3+ 36. Ke4 1-0

[Event "V Floripa Chess Open 2019"]
[Site "Florianopolis/SC"]
[Date "2019.01.24"]
[Round "6.40"]
[White "Bastos, Guilherme Exterhott"]
[Black "Almeida, Gianluca Jorio"]
[Result "0-1"]
[WhiteElo "1956"]
[BlackElo "2157"]
[PlyCount "158"]
[EventDate "2019.01.21"]
[EventRounds "10"]
[EventCountry "BRA"]

1. d4 Nf6 2. Bf4 e6 3. e3 c5 4. c3 cxd4 5. exd4 b6 6. Nf3 Bb7 7. Nbd2 Be7 8. h3 O-O 9. Be2 d6 10. O-O Nbd7 11. Bh2 Qc7 12. Re1 Rfe8 13. Qc2 Qc6 14. Bf1 a6 15. a4 Bf8 16. Qb3 h6 17. Qc4 Rec8 18. Qxc6 Rxc6 19. Bd3 Rac8 20. Ne4 Ne8 21. Rad1 d5 22. Ned2 Nd6 23. Ne5 R6c7 24. Nxd7 Rxd7 25. Rb1 Nc4 26. Nxc4 dxc4 27. Be4 Bxe4 28. Rxe4 Be7 29. Kf1 Rd5 30. Re5 Rd7 31. Re4 Rb7 32. Rbe1 Kf8 33. d5 exd5 34. Rxe7 Rxe7 35. Bd6 Rcc7 36. Re5 Rcd7 37. Bxe7+ Rxe7 38. Rxd5 Ke8 39. Rd4 b5 40. Rd6 Re6 41. Rxe6+ fxe6 42. axb5 axb5 43. Ke2 Ke7 44. Ke3 Kd6 45. Ke4 g6 46. g3 e5 47. h4 Ke6 48. g4 h5 49. f3 g5 50. f4 gxh4 51. f5+ Kf6 52. g5+ Kxg5 53. Kxe5 h3 54. f6 Kg6 55. Ke6 h2 56. f7 h1=Q 57. f8=Q Qc6+ 58. Ke5 Qc7+ 59. Ke6 Qc6+ 60. Ke5 Qd7 61. Qf6+ Kh7 62. Qb6 h4 63. Qf2 Qg7+ 64. Ke6 Qg6+ 65. Ke7 Qg5+ 66. Ke6 Qg4+ 67. Ke7 h3 68. Qc2+ Kh6 69. Qh2 Kh5 70. Kf6 Qg5+ 71. Ke6 Qg4+ 72. Kf6 Qf3+ 73. Ke6 Qg2 74. Qe5+ Kg4 75. Qf5+ Kg3 76. Qe5+ Kf3 77. Qf5+ Ke3 78. Qc5+ Kd2 79. Qxb5 h2 0-1

[Event "V Floripa Chess Open 2019"]
[Site "Florianopolis/SC"]
[Date "2019.01.24"]
[Round "6.41"]
[White "Borges, Wagner Da Silva"]
[Black "Soares, Renan Barbosa Monte"]
[Result "1/2-1/2"]
[WhiteElo "2156"]
[BlackElo "1972"]
[PlyCount "93"]
[EventDate "2019.01.21"]
[EventRounds "10"]
[EventCountry "BRA"]

1. d4 Nf6 2. Nf3 g6 3. Bf4 Bg7 4. e3 O-O 5. Be2 d6 6. h3 b6 7. O-O Bb7 8. Nbd2 c5 9. c3 Nbd7 10. Bh2 Re8 11. Re1 Qc7 12. a4 a6 13. Rc1 Rac8 14. Qb3 Qb8 15. Ng5 Bd5 16. Bc4 Qb7 17. e4 Bxc4 18. Qxc4 Rf8 19. e5 cxd4 20. Qxd4 Nxe5 21. Bxe5 dxe5 22. Qxe5 Rc5 23. Qf4 Nh5 24. Qf3 Qd7 25. Nde4 Rd5 26. Rcd1 Rxd1 27. Qxd1 Qc7 28. Qb3 h6 29. Nf3 Rd8 30. Rd1 Nf4 31. Rxd8+ Qxd8 32. Ned2 Qc7 33. Qc4 Qxc4 34. Nxc4 Nd5 35. Kf1 b5 36. axb5 axb5 37. Ne3 Nf4 38. Ne1 Kf8 39. h4 Ke8 40. f3 Ne6 41. Nd3 Kd7 42. Ke2 Kc6 43. Nb4+ Kd6 44. Nec2 Kc5 45. Ne3 Nc7 46. Kd3 Ne8 47. Na6+ 1/2-1/2

[Event "V Floripa Chess Open 2019"]
[Site "Florianopolis/SC"]
[Date "2019.01.24"]
[Round "6.42"]
[White "Moura, Eduardo Eugenio Cha"]
[Black "Maciel, Diogo Alves"]
[Result "1-0"]
[WhiteElo "2134"]
[BlackElo "1957"]
[PlyCount "39"]
[EventDate "2019.01.21"]
[EventRounds "10"]
[EventCountry "BRA"]

1. e4 d5 2. exd5 Qxd5 3. Nc3 Qd8 4. Bc4 Nf6 5. Nf3 e6 6. d4 Nbd7 7. O-O Bd6 8. Qe2 O-O 9. Bg5 h6 10. Bh4 a6 11. a4 c5 12. Ne4 Be7 13. Nxc5 Nxc5 14. dxc5 Bxc5 15. Rad1 Qe7 16. Ne5 g5 17. Bg3 Nd7 18. Qh5 Kg7 19. Ng4 Rh8 20. Rxd7 1-0

[Event "V Floripa Chess Open 2019"]
[Site "Florianopolis/SC"]
[Date "2019.01.24"]
[Round "6.43"]
[White "Broday, Geovani Allan"]
[Black "Nicolini, Paulo Giovanni De A"]
[Result "1-0"]
[WhiteElo "2129"]
[BlackElo "1951"]
[PlyCount "97"]
[EventDate "2019.01.21"]
[EventRounds "10"]
[EventCountry "BRA"]

1. e4 e6 2. d4 d5 3. Nd2 Nf6 4. e5 Nfd7 5. Ngf3 c5 6. c3 Nc6 7. Bd3 g6 8. h4 cxd4 9. cxd4 Nb4 10. Bb1 Qa5 11. h5 Rg8 12. hxg6 hxg6 13. Kf1 Qa6+ 14. Kg1 Nd3 15. Nb3 Nxc1 16. Qxc1 b6 17. Qf4 Bb7 18. Ng5 O-O-O 19. Qxf7 Rg7 20. Qxe6 Be7 21. Qg4 Bxg5 22. Qxg5 Qe2 23. Qd2 Qg4 24. Bd3 Nf8 25. Qe2 Qg5 26. Qd2 Qe7 27. Rc1+ Kb8 28. Rh8 Ne6 29. Rxd8+ Qxd8 30. Qe3 Qh8 31. Qg3 Rh7 32. f3 Rg7 33. f4 Qf8 34. Rf1 Bc8 35. Bxg6 Ba6 36. Rf2 Qb4 37. Qc3 Qf8 38. f5 Ng5 39. Nd2 Rc7 40. Qe3 Qh6 41. Nf1 Qh4 42. Qf4 Qh6 43. e6 Kc8 44. Qh2 Qg7 45. Qe5 Qg8 46. e7 Bb5 47. e8=Q+ Bxe8 48. Qxe8+ Qxe8 49. Bxe8 1-0

[Event "V Floripa Chess Open 2019"]
[Site "Florianopolis/SC"]
[Date "2019.01.24"]
[Round "6.44"]
[White "Rodrigues, Nei Jorge"]
[Black "Lopes Fo, Jorge Antonio Ferre"]
[Result "0-1"]
[WhiteElo "1949"]
[BlackElo "2122"]
[PlyCount "134"]
[EventDate "2019.01.21"]
[EventRounds "10"]
[EventCountry "BRA"]

1. Nf3 Nf6 2. c4 g6 3. Nc3 Bg7 4. g3 O-O 5. Bg2 d6 6. O-O Nc6 7. d3 e5 8. Bg5 h6 9. Bd2 Be6 10. a3 a6 11. Rb1 Qd7 12. Qc1 Kh8 13. Re1 Rab8 14. b4 Nh5 15. Nd5 Nd8 16. Bc3 f5 17. e3 b5 18. Ba1 c6 19. Nc3 bxc4 20. dxc4 Bxc4 21. e4 f4 22. Qc2 fxg3 23. hxg3 Qa7 24. Kh2 Rb7 25. Nd1 Be6 26. Re3 Rbf7 27. Qd3 Bg4 28. Rb3 Qe7 29. Bb2 Ne6 30. Qxa6 Nd4 31. Bxd4 exd4 32. Red3 c5 33. bxc5 dxc5 34. Nb2 Bc8 35. Qa4 Bb7 36. Rd2 Bxe4 37. Re2 Bc6 38. Rxe7 Bxa4 39. Rxf7 Bxb3 40. Rxf8+ Bxf8 41. a4 c4 42. Nxd4 Bg7 43. Nxb3 cxb3 44. Nc4 b2 45. Na3 Bd4 46. f3 Bf2 47. g4 Nf4 48. Bf1 Kg7 49. a5 Kf7 50. a6 Ke7 51. Bc4 Kd7 52. Nb1 Kc6 53. a7 Bxa7 54. Kg3 g5 55. Bb3 Kb5 56. Bf7 Kb4 57. Bg8 Be3 58. Kh2 Kc5 59. Bb3 Kd4 60. Bc2 Kc5 61. Bb3 Kb4 62. Bg8 Ne2 63. Kg2 Nc3 64. Bh7 Nxb1 65. Bxb1 Kc3 66. Kf1 Kd2 67. Ba2 Bf4 0-1

[Event "V Floripa Chess Open 2019"]
[Site "Florianopolis/SC"]
[Date "2019.01.24"]
[Round "6.45"]
[White "Carstens Dobuchak, Thiago"]
[Black "Ramos, Angelo Bil"]
[Result "1-0"]
[WhiteElo "2121"]
[BlackElo "1948"]
[PlyCount "85"]
[EventDate "2019.01.21"]
[EventRounds "10"]
[EventCountry "BRA"]

1. d4 Nf6 2. c4 g6 3. Nc3 d5 4. Nf3 Bg7 5. Bg5 Ne4 6. cxd5 Nxc3 7. bxc3 Qxd5 8. e3 Nc6 9. Bf4 Qa5 10. Qb3 O-O 11. Bc4 e6 12. O-O Ne7 13. e4 c6 14. Rad1 Re8 15. Be5 b5 16. Be2 a6 17. Bxg7 Kxg7 18. Ne5 c5 19. dxc5 Qc7 20. Nd3 Bb7 21. f3 Nc6 22. c4 Nd4 23. Qb2 e5 24. cxb5 axb5 25. Rf2 f6 26. Bf1 Ra4 27. Qb1 Rea8 28. Rb2 Bc8 29. Rc1 Be6 30. Nb4 Bc4 31. Bxc4 Qxc5 32. Nd3 Ne2+ 33. Kf1 Qd4 34. Rxe2 bxc4 35. Nf2 c3 36. Rd1 Qc4 37. Rd7+ Kf8 38. Qb6 R4a6 39. Qc7 Rc6 40. Rf7+ Qxf7 41. Qxc6 Rxa2 42. Rxa2 Qxa2 43. Qxf6+ 1-0

[Event "V Floripa Chess Open 2019"]
[Site "Florianopolis/SC"]
[Date "2019.01.24"]
[Round "6.46"]
[White "Heinechen, Juan"]
[Black "Moyses Sobrinho, Elias"]
[Result "1-0"]
[WhiteElo "2105"]
[BlackElo "1948"]
[PlyCount "87"]
[EventDate "2019.01.21"]
[EventRounds "10"]
[EventCountry "BRA"]

1. e4 d5 2. exd5 Nf6 3. Bb5+ Bd7 4. Be2 Nxd5 5. d4 Nc6 6. Nf3 Bf5 7. O-O e6 8. a3 Be7 9. c4 Nb6 10. Nc3 O-O 11. Be3 Bf6 12. b4 h6 13. Rc1 Qd7 14. Qd2 Rfd8 15. Rfd1 a6 16. Qa2 Qe7 17. Qb3 Rd7 18. d5 exd5 19. cxd5 Ne5 20. Bc5 Qe8 21. Nd4 Bg4 22. f3 Bh5 23. d6 Nc8 24. Nd5 cxd6 25. Bb6 Bd8 26. Bxd8 Qxd8 27. g4 Bg6 28. f4 Nc6 29. Nxc6 bxc6 30. Rxc6 Ne7 31. Nxe7+ Qxe7 32. Bf3 Be4 33. Re1 d5 34. Qe3 a5 35. b5 Rb7 36. Bxe4 dxe4 37. a4 Re8 38. Rc4 Qh4 39. Qg3 Qd8 40. Rcxe4 Rxe4 41. Rxe4 Re7 42. Rxe7 Qxe7 43. Qc3 Qe4 44. Qc8+ 1-0

[Event "V Floripa Chess Open 2019"]
[Site "Florianopolis/SC"]
[Date "2019.01.24"]
[Round "6.47"]
[White "Maia, Jose Eduardo Bastos"]
[Black "Araujo, Everson De Moura"]
[Result "1-0"]
[WhiteElo "2087"]
[BlackElo "1884"]
[PlyCount "95"]
[EventDate "2019.01.21"]
[EventRounds "10"]
[EventCountry "BRA"]

1. d4 d5 2. c4 e6 3. Nc3 Nf6 4. cxd5 exd5 5. Bg5 Be7 6. e3 h6 7. Bh4 O-O 8. Bd3 c6 9. Qc2 a5 10. Nge2 Be6 11. f3 Nbd7 12. O-O Re8 13. h3 c5 14. dxc5 Nxc5 15. Bb5 Rf8 16. Rfd1 Qb6 17. Nd4 Rac8 18. Qe2 Rfd8 19. Bf2 Qc7 20. Rd2 Bd7 21. Rad1 Bc6 22. Nf5 Bf8 23. Bh4 Qe5 24. e4 g5 25. Bf2 Re8 26. Bd4 Qe6 27. Bxf6 Qxf6 28. Nxd5 Qe5 29. Bxc6 bxc6 30. Nde3 Ne6 31. Ng4 Qh8 32. Nd6 Bxd6 33. Rxd6 h5 34. Ne3 Qe5 35. Nf5 Nf4 36. Qf2 Rb8 37. b3 a4 38. Qc2 axb3 39. axb3 c5 40. Rd7 Rf8 41. Re7 Qf6 42. e5 Qh8 43. Qc4 Ng6 44. Rc7 Rfe8 45. Rd6 Qh7 46. e6 Ne5 47. Qe4 Ng6 48. e7 1-0